<?xml version="1.0" encoding="UTF-8"?><?xml-stylesheet type="text/xsl" href="static/style.xsl"?><OAI-PMH xmlns="http://www.openarchives.org/OAI/2.0/" xmlns:xsi="http://www.w3.org/2001/XMLSchema-instance" xsi:schemaLocation="http://www.openarchives.org/OAI/2.0/ http://www.openarchives.org/OAI/2.0/OAI-PMH.xsd"><responseDate>2026-04-13T02:24:12Z</responseDate><request verb="GetRecord" identifier="oai:www.recercat.cat:2445/224454" metadataPrefix="marc">https://recercat.cat/oai/request</request><GetRecord><record><header><identifier>oai:recercat.cat:2445/224454</identifier><datestamp>2026-04-07T22:11:07Z</datestamp><setSpec>com_2072_1057</setSpec><setSpec>col_2072_478917</setSpec></header><metadata><record xmlns="http://www.loc.gov/MARC21/slim" xmlns:dcterms="http://purl.org/dc/terms/" xmlns:xsi="http://www.w3.org/2001/XMLSchema-instance" xmlns:doc="http://www.lyncode.com/xoai" xsi:schemaLocation="http://www.loc.gov/MARC21/slim http://www.loc.gov/standards/marcxml/schema/MARC21slim.xsd">
   <leader>00925njm 22002777a 4500</leader>
   <datafield ind2=" " ind1=" " tag="042">
      <subfield code="a">dc</subfield>
   </datafield>
   <datafield ind2=" " ind1=" " tag="720">
      <subfield code="a">Montolío Durán, Estrella</subfield>
      <subfield code="e">author</subfield>
   </datafield>
   <datafield ind2=" " ind1=" " tag="720">
      <subfield code="a">Forment, Mar</subfield>
      <subfield code="e">author</subfield>
   </datafield>
   <datafield ind2=" " ind1=" " tag="260">
      <subfield code="c">2025-11-27T11:43:48Z</subfield>
   </datafield>
   <datafield ind2=" " ind1=" " tag="260">
      <subfield code="c">2025-11-27T11:43:48Z</subfield>
   </datafield>
   <datafield ind2=" " ind1=" " tag="260">
      <subfield code="c">2025</subfield>
   </datafield>
   <datafield ind2=" " ind1=" " tag="520">
      <subfield code="a">Este artículo analiza la calidad de la comunicación de las Administraciones tributarias españolas desde la perspectiva 
de los asesores fiscales. En el marco del proyecto interdisciplinar ComTClar (Comunicación Tributaria Clara), se diseñó un 
cuestionario y se distribuyó a 443 asesores fiscales con el objetivo de que evaluaran la claridad de los mensajes emitidos 
por tales Administraciones tributarias españolas. Los resultados del cuestionario revelan una percepción generalizada de 
opacidad del discurso tributario en español. Las principales deficiencias señaladas se refieren al uso de un lenguaje excesivamente técnico, estructuras sintácticas complejas, citas normativas poco contextualizadas, una presentación visual 
deficiente y el empleo de un tono percibido como amenazante. Los asesores fiscales destacaron, además, tres líneas 
prioritarias de mejora: la simplificación del lenguaje y de los formularios, el fortalecimiento de los canales de atención 
personalizada y la estabilidad normativa. 
El estudio confirma la existencia de una brecha comunicativa estructural que dificulta la comprensión ciudadana y genera 
desconfianza hacia las instituciones tributarias. Se concluye que avanzar hacia una comunicación tributaria clara constituye un requisito imprescindible para promover el cumplimiento voluntario y reforzar la legitimidad democrática de la Administración pública.</subfield>
   </datafield>
   <datafield ind2="0" ind1="0" tag="245">
      <subfield code="a">¿Comunican de manera clara las administraciones tributarias? Opiniones y creencias de los asesores fiscales</subfield>
   </datafield>
</record></metadata></record></GetRecord></OAI-PMH>